Statistics for Objects By Pictures

Click here to take the quiz!

General Stats

  • This quiz has been taken 866 times
  • The average score is 4 of 9

Answer Stats

Answer% Correct
Book
91%
Bag
86%
Apple
80%
{Pen}The Object At The Top
70%
Door
61%
Screw
25%
Tree
19%
Aeroplane
13%
Can
2%

Score Distribution

Percentile by Number Answered

Percent of People with Each Score

Your Score History

You have not taken this quiz